000 00868nam a2200253 a 4500
001 BRCA_7326
005 20190320205808.0
008 220812s2009----mx-a######---#000-0#spa-u
020 _a9789707011458 (Obra completa)
041 _aspa
044 _amx
050 4 _aPQ6323
_b.C47 2009
100 1 _aCervantes Saavedra, Miguel de
_d1547-1616
_9213
245 1 0 _aEl Ingenioso Hidalgo Don Quijote de la Mancha
_cMiguel de Cervantes Saavedra.
260 _aMéxico
_bPorrúa
_c3ra reimp. 2009
300 _a2 v.
_bil.
_c25 cm.
500 _aFacsímil de: Ignacio Cumplido. México, 1842
650 1 4 _aNovela española
_yÉpoca clásica, 1500-1700
_9215
650 1 4 _aLiteratura española
_yÉpoca clásica, 1500-1700
_9216
650 1 4 _aNovela española
_ySiglo XVII
_9217
650 1 4 _aDon Quijote (Personaje ficticio)
_eNovela
_9218
902 _aQAG
942 _2lcc
_cB
999 _c7002
_d7002